000 00305nam a2200121Ia 4500
008 190216s9999||||xx |||||||||||||| ||und||
100 _aAhamed Nawmi
245 0 _aFourty Great Man And Woman In Islam
260 _bAdam Publishers&Distributors
300 _a222
650 _aIslamic History
942 _cBK
999 _c22307
_d22307